Responses for Show #353 - Wednesday, January 15, 1986

Contestants

[<< previous game]

Linda Shrum, a mother from Las Vegas, Nevada

Joe Escarce, a physician originally from Miami, Florida

Bill Fleming, a police sergeant from Mission Viejo, California (whose 1-day cash winnings total $11,400)

[next game >>]

Jeopardy! Round responses

HOUSEHOLD HINTS
SPORTS QUOTES
VERMIN
MUSICAL MONTHS
YOUNG STARS
"UPPER"s
    $100 21
a broom

Bill
    $100 4
(Alex: Great player, not great on math, however.)
[Laughter]

Yogi Berra

Bill
    $100 16
lice

Linda
    $100 1
the 4th of July

Bill
    $100 10
Ricky Schroder

Linda
    $100 22
(Alex: We've got less than a minute to go in the round.)

the upper crust

Joe
    $200 27
an apple

Linda
    $200 7
Astroturf

Bill
    $200 17
a weevil

Joe
    $200 2
"April Love"

Bill
    $300 11
(Linda: Who is Mariel Hemingway?)

Nastassja Kinski

Linda
    $200 23
upperclassmen

Bill
    $300 28
[The end-of-round signal sounds.]

bleach

Linda
    $300 8
Dr. Renée Richards

Triple Stumper
    $300 18
a cockroach

Linda
    $300 3
June

Joe
    $300 12
E.T.

Linda
    $300 24
(Joe: What is "The Friendly Picker-Upper"?)
[ERRATUM: It's Dr Pepper.]

"The Friendly Pepper-Upper"

BillJoe
    $400 9
Babe Didrikson

Linda
    $400 19
mice

Linda
    $400 5
(Bill: What is September?)

December

BillLinda
    $400 13
Sean Penn

Linda
    $400 25
the upper hand

Joe
    $500 15
Red Auerbach

Joe
    $500 20
Animals, Animals, Animals

Triple Stumper
    $500 6
(Bill: What is August? What is a [*]?)

Hot August Night

Bill
    $500 14
(1 of) Molly Ringwald (or Anthony Michael Hall)

Joe
    $500 26
(Linda: What are his upper plates?)
(Alex: [*], singular.)

his upper plate

Linda

Scores at the first commercial break (after clue 11):

Bill Joe Linda
$700 $300 $600

Scores at the end of the Jeopardy! Round:

Bill Joe Linda
$1,300 $1,700 $3,100

Double Jeopardy! Round responses

NATIONAL HEROES
MONEY
BOOKS & AUTHORS
1939
STATE CAPITALS
LEFTOVERS
    $200 20
Mahatma Gandhi

Joe
    $200 22
(Alex: We've got less than a minute to go in this round.)

counterfeit money

Bill
    $200 15
Stephen King

Triple Stumper
    $200 9
Tallulah Bankhead

Bill
    $200 2
Indianapolis

Joe
    $200 1
draft

Joe
    $400 21
first in the hearts of his countrymen

Bill
    $400 23
the rupee

Linda
    $400 16
Tommy Lasorda

Bill
    $400 12
Kate Smith

Bill
    $400 3
Dover, Delaware

Bill
    $400 4
(Linda: What are fish?)

scales

BillLinda
    $500 24
(2 of) Bolivia, Ecuador, Peru, Colombia & Venezuela

Linda
    $600 17
Raymond Chandler

Bill
    $600 13
the Daughters of the American Revolution

Triple Stumper
    $600 6
St. Paul

Joe
    $600 5
time-lapse photography

Joe
    $800 25
(Linda: Who is Chiang Kai-shek?)

Sun Yat-sen

Linda
Triple Stumper
    $800 19
Ed McBain

Triple Stumper
    $800 14
Al Capone

Linda
    $800 7
Montpelier

Joe
    $800 10
argent

Joe
    $1000 26
[The end-of-round signal sounds.]

El Cid

Linda
    $1000 18
Joseph Kennedy Sr.

Linda
    $1,400 8
(Joe: What is Virginia?)

Oklahoma

Joe
    $1000 11
(Linda: What is Addams House?)

Hull House

Linda
Triple Stumper

Scores at the end of the Double Jeopardy! Round:

Bill Joe Linda
$4,300 $3,700 $4,600

[wagering suggestions for these scores]

Final Jeopardy! Round responses

TELEVISION
JoeWhat is Gunsmoke?
$3,700
BillWhat was Gunsmoke?
$4,300
LindaWhat is Gunsmoke?
$4,000
Gunsmoke

Final scores:

Bill Joe Linda
$8,600 $7,400 $8,600
2-day co-champion: $20,000 2nd place: Frigidaire refrigerator + Krupp kitchen products New co-champion: $8,600

Game dynamics:

Coryat scores:

Bill Joe Linda
$4,300 $5,100 $5,000
16 R,
1 W
13 R,
2 W
(including 1 DD)
16 R
(including 1 DD),
4 W
(including 1 DD)

Combined Coryat: $14,400

[game clues] [game scores] [suggest correction]

Game tape date: 1985-09-10
The J! Archive is created by fans, for fans. Scraping, republication, monetization, and malicious use prohibited; this site may use cookies and collect identifying information. See terms. The Jeopardy! game show and all elements thereof, including but not limited to copyright and trademark thereto, are the property of Jeopardy Productions, Inc. and are protected under law. This website is not affiliated with, sponsored by, or operated by Jeopardy Productions, Inc. Join the discussion at JBoard.tv.